000 00470nam a2200181Ia 4500
001 10805
005 20260306161859.0
008 260306t2016||||xx |||||||||||||| ||spa||
041 _aESP
082 _a970.015
_bM86
100 _aMoreno Jeria, Rodrigo
_eAUT
245 0 _aCristóbal Colón, el emprendedor:
_buna historia en clave de negocios
260 _c2016
300 _a148 páginas :
_c23 cm.
650 _aGEN
654 _aCHU
942 _cLIB
_dJUS
_fJUS
_2ddc
_n
999 _c10805
_d10805